000 00398nam a22001577a 4500
999 _c532965
_d532965
003 NUST
005 20191209125106.0
008 191209b ||||| |||| 00| 0 eng d
038 _aMSOHAIL
082 _a624 BER
100 _aEmes Bemat - Maso
_926611
245 _aTRM: Preventing the missed Bending / buckling
260 _aGermany
_bScholars
_cc2015
300 _a188;p;
942 _2ddc
_cBK